Zodiac Signs Negative Personality Traits #2 - Statistics

General Stats
  • This quiz has been taken 153 times
  • The average score is 11 of 12
Answer Stats
Traits Answer % Correct
Impulsive, Argumentative, Immature Aries
92%
Cold, Gloomy, Condescending Capricorn
92%
Egotistical, Vain, Stuck-up Leo
91%
Sensitive, Gullible, Escapist Pisces
91%
Ruthless, Malicious, Resentful Scorpio
90%
Anxious, Petty, Judgemental Virgo
89%
Aloof, Eccentric, Unemotional Aquarius
87%
Manipulative, Self-pitying, Passive Cancer
87%
Devious, Unpredictable, Fidgety Gemini
87%
Shallow, Scatterbrained, Codependent Libra
85%
Blunt, Restless, Carless Sagittarius
85%
Inflexible, Self-indulgent, Greedy Taurus
85%
No matching quizzes found
Score Distribution
Percent of People with Each Score
Percentile by Number Answered
Your Score History
You have not taken this quiz